NFL Teams Top 5 Leading Rushers All-Time - Statistics

General Stats
  • This quiz has been taken 167 times
  • The average score is 73 of 160
Answer Stats
Hint Answer % Correct
Dallas Cowboys Emmitt Smith
93%
Minnesota Vikings Robert Smith
92%
Detroit Lions Barry Sanders
86%
Tennessee Titans Chris Johnson
85%
Pittsburgh Steelers John Henry Johnson
85%
Kansas City Chiefs Larry Johnson
85%
Cincinnati Bengals Pete Johnson
85%
Cincinnati Bengals Rudi Johnson
85%
Buffalo Bills Fred Jackson
83%
Baltimore Ravens Lamar Jackson
83%
Los Angeles Rams Steven Jackson
83%
Minnesota Vikings Bill Brown
82%
Cleveland Browns Jim Brown
82%
Los Angeles Chargers LaDainian Tomlinson
82%
Washington Commanders Larry Brown
82%
Miami Dolphins Ronnie Brown
82%
Chicago Bears Walter Payton
81%
Las Vegas Raiders Marcus Allen
80%
Green Bay Packers Aaron Jones
79%
Minnesota Vikings Adrian Peterson
79%
Tennessee Titans Derrick Henry
77%
Buffalo Bills Travis Henry
77%
Pittsburgh Steelers Franco Harris
76%
Pittsburgh Steelers Jerome Bettis
75%
Seattle Seahawks Marshawn Lynch
75%
Detroit Lions Altie Taylor
74%
Carolina Panthers Christian McCaffrey
74%
Indianapolis Colts | Los Angeles Rams Eric Dickerson
74%
Jacksonville Jaguars Fred Taylor
74%
Green Bay Packers Jim Taylor
74%
New England Patriots Kevin Faulk
72%
Indianapolis Colts | Los Angeles Rams Marshall Faulk
72%
New York Giants Brandon Jacobs
71%
San Francisco 49ers Frank Gore
71%
Buffalo Bills O.J. Simpson
71%
Tampa Bay Buccaneers Cadillac Williams
69%
Carolina Panthers DeAngelo Williams
69%
Houston Texans Domanick Williams
69%
Miami Dolphins Ricky Williams
69%
Green Bay Packers Ahman Green
68%
Indianapolis Colts Edgerrin James
68%
Washington Commanders Stephen Davis
68%
Denver Broncos Terrell Davis
68%
Baltimore Ravens Jamal Lewis
67%
New England Patriots | New York Jets Curtis Martin
66%
Tampa Bay Buccaneers Doug Martin
66%
Dallas Cowboys Ezekiel Elliott
66%
Seattle Seahawks Shaun Alexander
66%
Philadelphia Eagles LeSean McCoy
65%
Houston Texans Arian Foster
64%
Carolina Panthers DeShaun Foster
64%
Pittsburgh Steelers Le'Veon Bell
64%
Atlanta Falcons Jamal Anderson
63%
Denver Broncos Mike Anderson
63%
Chicago Bears Neal Anderson
63%
Arizona Cardinals Ottis Anderson
63%
Buffalo Bills Thurman Thomas
63%
New Orleans Saints Alvin Kamara
62%
Cincinnati Bengals Corey Dillon
62%
Kansas City Chiefs Priest Holmes
62%
Baltimore Ravens Ray Rice
62%
New York Giants Tiki Barber
62%
Kansas City Chiefs Jamaal Charles
61%
Jacksonville Jaguars Maurice Jones-Drew
60%
Cincinnati Bengals Joe Mixon
59%
Tennessee Titans Lorenzo White
59%
Washington Commanders John Riggins
56%
Dallas Cowboys Tony Dorsett
55%
Tennessee Titans Earl Campbell
53%
Tennessee Titans Eddie George
53%
Cleveland Browns Nick Chubb
53%
New Orleans Saints Mark Ingram
52%
Carolina Panthers Cam Newton
50%
Minnesota Vikings Dalvin Cook
50%
Chicago Bears Gale Sayers
50%
Chicago Bears Matt Forte
50%
Miami Dolphins Larry Csonka
49%
New York Giants Joe Morris
48%
Miami Dolphins Mercury Morris
48%
Washington Commanders Alfred Morris
47%
San Francisco 49ers Roger Craig
47%
Philadelphia Eagles Wilbert Montgomery
47%
Jacksonville Jaguars James Stewart
45%
Carolina Panthers Jonathan Stewart
45%
Atlanta Falcons | Tampa Bay Buccaneers Warrick Dunn
45%
Jacksonville Jaguars Leonard Fournette
43%
Atlanta Falcons Michael Turner
42%
Washington Commanders Clinton Portis
41%
Dallas Cowboys Calvin Hill
39%
Los Angeles Chargers Melvin Gordon
39%
Kansas City Chiefs Christian Okoye
38%
New Orleans Saints Deuce McAllister
38%
Philadelphia Eagles Brian Westbrook
35%
Tampa Bay Buccaneers Mike Alstott
34%
New England Patriots Sam Cunningham
34%
Seattle Seahawks Curt Warner
32%
New Orleans Saints George Rogers
32%
Atlanta Falcons Gerald Riggs
32%
Houston Texans Lamar Miller
31%
Detroit Lions Billy Sims
30%
Baltimore Ravens Willis McGahee
30%
San Francisco 49ers Garrison Hearst
29%
Pittsburgh Steelers Willie Parker
29%
Minnesota Vikings Chuck Foreman
26%
Cleveland Browns Leroy Kelly
26%
Seattle Seahawks Russell Wilson
26%
Baltimore Ravens Gus Edwards
25%
Indianapolis Colts Lydell Mitchell
25%
Arizona Cardinals Stump Mitchell
25%
Denver Broncos Floyd Little
24%
Cincinnati Bengals James Brooks
24%
Indianapolis Colts Lenny Moore
23%
New York Giants Rodney Hampton
23%
Seattle Seahawks Chris Warren
22%
Tampa Bay Buccaneers James Wilder
22%
Philadelphia Eagles Duce Staley
19%
New York Jets Freeman McNeil
18%
New York Jets Matt Snell
18%
Philadelphia Eagles Steve Van Buren
18%
Houston Texans Alfred Blue
16%
New York Jets Emerson Boozer
16%
San Francisco 49ers Joe Perry
16%
Las Vegas Raiders Napoleon Kaufman
16%
Los Angeles Chargers Ryan Mathews
15%
Las Vegas Raiders Marv Hubbard
14%
Denver Broncos Otis Armstrong
14%
Atlanta Falcons William Andrews
14%
Los Angeles Chargers Marion Butts
13%
Cleveland Browns Greg Pruitt
12%
Miami Dolphins Jim Kiick
12%
Las Vegas Raiders Mark van Eeghen
12%
Buffalo Bills Joe Cribbs
11%
Los Angeles Rams Lawrence McCutcheon
11%
Green Bay Packers John Brockington
10%
New Orleans Saints Dalton Hilliard
9%
Dallas Cowboys Don Perkins
9%
New England Patriots Jim Nance
9%
Jacksonville Jaguars Mark Brunell
9%
New England Patriots Tony Collins
8%
Arizona Cardinals Charley Trippi
7%
Arizona Cardinals Jim Otis
7%
Los Angeles Chargers Paul Lowe
7%
Denver Broncos Sammy Winder
7%
Green Bay Packers Tony Canadeo
7%
New York Giants Alex Webster
6%
Houston Texans Ben Tate
6%
Las Vegas Raiders Clem Daniels
6%
Kansas City Chiefs Ed Podolak
6%
Cleveland Browns Mike Pruitt
6%
Los Angeles Rams Dick Bass
5%
Chicago Bears Rick Casares
5%
San Francisco 49ers Ken Willard
4%
Detroit Lions Dexter Bussey
3%
New York Jets Johnny Hector
3%
Arizona Cardinals Johnny Roland
3%
Detroit Lions Nick Pietrosante
3%
No matching quizzes found
Score Distribution
Percent of People with Each Score
Percentile by Number Answered
Your Score History
You have not taken this quiz